[Event "SVK-ch U18/20"]
[Site "Tatralandia"]
[Date "2024.04.09"]
[Round "6"]
[White "Svorad, Tomas"]
[Black "Rerko, Samuel"]
[Result "1-0"]
[WhiteElo "1746"]
[BlackElo "1584"]
[PlyCount "53"]
[EventDate "2024.04.05"]
[EventType "swiss"]
[EventRounds "9"]
[EventCountry "SVK"]
[SourceTitle "CB16_2024"]
[SourceDate "2024.04.17"]
[SourceVersion "1"]
[SourceVersionDate "2024.04.17"]
[SourceQuality "1"]

1. e4 c5 2. d4 cxd4 3. c3 Nc6 4. cxd4 d5 5. e5 f6 6. Nc3 Bf5 7. f4 e6 8. Nf3 a6 9. a4 Nb4 10. Kd2 Nc2 11. g4 Nxa1 12. gxf5 Qb6 13. Ke1 Nb3 14. Bb5+ axb5 15. Qxb3 Qa5 16. fxe6 0-0-0 17. Kf2 bxa4 18. Nxa4 Qb4 19. Qc2+ Kb8 20. Bd2 Qc4 21. Qxc4 dxc4 22. Nb6 Re8 23. exf6 Nxf6 24. f5 g6 25. Bf4+ Ka7 26. Nxc4 gxf5 27. Ra1+ 1-0

[Event "SVK-ch U18/20"]
[Site "Tatralandia"]
[Date "2024.04.06"]
[Round "2"]
[White "Svorad, Tomas"]
[Black "Osvald, Jakub"]
[Result "1-0"]
[WhiteElo "1746"]
[BlackElo "1517"]
[PlyCount "79"]
[EventDate "2024.04.05"]
[EventType "swiss"]
[EventRounds "9"]
[EventCountry "SVK"]
[SourceTitle "CB16_2024"]
[SourceDate "2024.04.17"]
[SourceVersion "1"]
[SourceVersionDate "2024.04.17"]
[SourceQuality "1"]

1. d4 Nf6 2. c4 g6 3. Nf3 Bg7 4. g3 0-0 5. Bg2 c6 6. 0-0 d5 7. b3 e6 8. Bb2 a6 9. a4 Bd7 10. Nc3 Qe8 11. a5 Bc8 12. Ba3 Nbd7 13. Bxf8 Bxf8 14. Qc2 b5 15. axb6 Nxb6 16. c5 Nbd7 17. b4 Rb8 18. Ra4 Qd8 19. Rfa1 Ne8 20. e4 Nc7 21. e5 Bg7 22. Nd2 f6 23. f4 f5 24. Nb3 Nf8 25. Na5 Qd7 26. Bf1 Kh8 27. Rb1 Nb5 28. Nxb5 axb5 29. Ra2 Kg8 30. Rba1 Ra8 31. Nb3 Rxa2 32. Rxa2 Qe8 33. Ra8 Qd7 34. Qa2 Qc7 35. Qa5 Qxa5 36. Nxa5 Bd7 37. Ra6 Kf7 38. Nxc6 Bxc6 39. Rxc6 Ke7 40. Rc7+ 1-0

[Event "SVK-ch U20"]
[Site "Dudince"]
[Date "2023.04.22"]
[Round "8"]
[White "Svorad, Tomas"]
[Black "Turis, Ondrej"]
[Result "1/2-1/2"]
[WhiteElo "1526"]
[BlackElo "1760"]
[PlyCount "82"]
[EventDate "2023.04.16"]
[EventType "tourn"]
[EventRounds "9"]
[EventCountry "SVK"]
[SourceTitle "CBM 213 Extra"]
[Source "ChessBase"]
[SourceDate "2023.05.31"]
[SourceVersion "1"]
[SourceVersionDate "2023.05.31"]
[SourceQuality "1"]

1. d4 Nf6 2. Bf4 d5 3. Nc3 a6 4. e3 g6 5. Nf3 Bg7 6. Bd3 0-0 7. 0-0 c5 8. Re1 Nc6 9. b3 Bg4 10. Be2 Nd7 11. Nxd5 Bxf3 12. Bxf3 cxd4 13. exd4 e6 14. Bc7 Qc8 15. Bd6 exd5 16. Bxf8 Nxf8 17. Bxd5 Nxd4 18. Rc1 Qc7 19. c3 Nb5 20. c4 Nc3 21. Qf3 Nxa2 22. Bxb7 Rb8 23. Bxa6 Nxc1 24. Rxc1 Rb6 25. Qa8 Rxb3 26. c5 Be5 27. Bc4 Rb8 28. Qd5 Ne6 29. Re1 Rd8 30. Qxe5 Qxe5 31. Rxe5 Rd1+ 32. Bf1 Rc1 33. g3 Rxc5 34. Rxc5 Nxc5 35. Bc4 Kg7 36. Kg2 Ne4 37. Bd3 Nd6 38. g4 g5 39. Kg3 h6 40. h4 Kf6 41. f4 gxh4+ 1/2-1/2

[Event "SVK-ch U18"]
[Site "Stara Lubovna"]
[Date "2022.05.23"]
[Round "4"]
[White "Svorad, Tomas"]
[Black "Priechodsky, Radovan"]
[Result "0-1"]
[WhiteElo "1405"]
[BlackElo "1965"]
[PlyCount "74"]
[EventDate "2022.05.21"]
[EventType "swiss"]
[EventRounds "9"]
[EventCountry "SVK"]
[SourceTitle "CBM 208 Extra"]
[Source "ChessBase"]
[SourceDate "2022.07.31"]
[SourceVersion "1"]
[SourceVersionDate "2022.07.31"]
[SourceQuality "1"]

1. e4 g6 2. d4 d6 3. Nc3 Nd7 4. Be2 Bg7 5. Be3 a6 6. Nf3 b5 7. a3 Bb7 8. Qd2 c5 9. 0-0 cxd4 10. Nxd4 Ngf6 11. Bd3 0-0 12. Bh6 Rc8 13. Bxg7 Kxg7 14. Rfe1 Qb6 15. Nce2 e5 16. Ng3 Qxd4 17. c3 Qb6 18. Qg5 Kh8 19. Re3 Qd8 20. Rf3 Nh5 21. Qxd8 Rcxd8 22. Nxh5 gxh5 23. b4 f5 24. Re3 fxe4 25. Bxe4 Bxe4 26. Rxe4 Nf6 27. Re3 e4 28. Rd1 d5 29. Rd4 Rc8 30. h3 Rc4 31. f3 Rxd4 32. cxd4 Kg7 33. fxe4 Nxe4 34. g4 hxg4 35. hxg4 Rc8 36. Kg2 Rc2+ 37. Kf1 Rf2+ 0-1

[Event "SVK-ch U16"]
[Site "Lubovna"]
[Date "2020.08.18"]
[Round "5"]
[White "Kapec, Kristian"]
[Black "Svorad, Tomas"]
[Result "1-0"]
[WhiteElo "1741"]
[BlackElo "1000"]
[PlyCount "87"]
[EventDate "2020.08.15"]
[EventType "swiss"]
[EventRounds "9"]
[EventCountry "SVK"]
[SourceTitle "EXT 2021"]
[Source "ChessBase"]
[SourceDate "2020.10.23"]
[SourceVersion "1"]
[SourceVersionDate "2020.10.23"]
[SourceQuality "1"]

1. e4 d5 2. exd5 Qxd5 3. Nc3 Qa5 4. Bc4 Nf6 5. Nf3 Bf5 6. 0-0 Nbd7 7. a3 e6 8. d3 c6 9. Bf4 b5 10. b4 Qb6 11. Bb3 c5 12. a4 bxa4 13. bxc5 Bxc5 14. Nxa4 Qb4 15. Bd2 Qb7 16. Nxc5 Nxc5 17. Bc4 0-0 18. Be3 Qc7 19. h3 Rfd8 20. Qe2 e5 21. Bxc5 Qxc5 22. Qxe5 Qxe5 23. Nxe5 Nd5 24. Nc6 Rd7 25. Bxd5 Rxd5 26. Ne7+ Kf8 27. Nxd5 a5 28. Rfb1 a4 29. Rxa4 Rd8 30. Ne3 Bd7 31. Rd4 f6 32. Rb7 Ke8 33. Rbxd7 Rxd7 34. Rxd7 Kxd7 35. c4 Kc6 36. d4 g6 37. Kf1 h5 38. Ke2 Kd6 39. Kd3 f5 40. f4 Kc6 41. g4 fxg4 42. hxg4 h4 43. Nf1 Kd6 44. Ke4 1-0